O gato e o rato (Registo nº 28633)

Detalhes MARC
000 -Etiqueta do registo
Valores 00682cam a2200253 4500
090 ## -
-- 28633
095 ## -
-- PTBN00927509
100 ## - Dados gerais de processamento
Dados gerais 20071029d19 a y0pory5003 ba
101 0# - Língua de publicação
-- por
102 ## - País de publicação
-- PT
200 1# - Titulo e menção de responsabilidade
Título próprio O gato e o rato
Primeira menção de responsabilidade Luísa Ducla Soares
Outras menções de responsabilidade il. Catherine Labey
210 ## - Publicação
Local de publicação [Lisboa]
Nome do editor Estúdios cor,
Data de publicação [19--]
215 ## - Descrição física 
Paginação / Volumes 1 v.
Outras indicações físicas muito il. ,
Dimensões 20 cm
225 2# - Colecção 
Título próprio da colecção Cor infantil
675 ## - CDU
Notação 087.5
Edição med
Língua fre
675 ## - CDU
Notação 821.134.3-94"19" (043.2)
Edição med
Língua fre
700 #1 - Autor principal (pessoa individual)
Apelido Soares,
Nome Luísa Ducla,
Datas 1939-
ID Autoridade 2431
702 #1 - Autor secundário (pessoa individual)
Apelido Labey,
Nome Catherine
-- 440
801 #0 - Fonte de origem
País PT
Agência BN
Regras de catalogação RPC
930 ## -
-- BECRE
998 ## -
-- EEL13-429
990 ## - Elementos KOHA
Tipo de documento Livro
995 ## - Localização e informação dos exemplares
-- 18
Exemplares
Situação do levantamento Estado Biblioteca de origem Biblioteca de empréstimo Código de barras Cota Permissão de empréstimo Tipo de documento
  Completo Biblioteca do Centro Escolar de Viana do Alentejo Biblioteca do Centro Escolar de Viana do Alentejo 1115BV 087.5 SOA Disponível Livro




Powered by Koha